Mud 'n' mercy in Memphis / (Record no. 6620)
[ view plain ]
| 000 -LEADER | |
|---|---|
| fixed length control field | 00626nam a2200229I 4500 |
| 001 - CONTROL NUMBER | |
| control field | 31536 |
| 003 - CONTROL NUMBER IDENTIFIER | |
| control field | GBCCL |
| 005 - DATE AND TIME OF LATEST TRANSACTION | |
| control field | 20241126110607.0 |
| 008 - FIXED-LENGTH DATA ELEMENTS--GENERAL INFORMATION | |
| fixed length control field | 801006s1955 miua 000 0 eng d |
| 035 ## - SYSTEM CONTROL NUMBER | |
| System control number | (OCoLC)06794878 |
| 040 ## - CATALOGING SOURCE | |
| Original cataloging agency | TMN |
| Transcribing agency | TMN |
| 049 ## - | |
| -- | LBBK |
| 082 ## - DEWEY DECIMAL CLASSIFICATION NUMBER | |
| Classification number | 266 |
| Item number | LAR |
| 092 ## - LOCALLY ASSIGNED DEWEY CALL NUMBER (OCLC) | |
| Classification number | 266.21 |
| Item number | L318 |
| 100 1# - MAIN ENTRY--PERSONAL NAME | |
| Personal name | Larson, Mel |
| Fuller form of name | (Melvin Gunnard), |
| Dates associated with a name | 1916-1972. |
| 9 (RLIN) | 11839 |
| 245 10 - TITLE STATEMENT | |
| Title | Mud 'n' mercy in Memphis / |
| Statement of responsibility, etc. | by Mel Larson. |
| 250 ## - EDITION STATEMENT | |
| Edition statement | 3d ed. |
| 260 ## - PUBLICATION, DISTRIBUTION, ETC. | |
| Place of publication, distribution, etc. | Grand Rapids, |
| Name of publisher, distributor, etc. | Zondervan Pub. House |
| Date of publication, distribution, etc. | [c1955] |
| 300 ## - PHYSICAL DESCRIPTION | |
| Extent | 131 p. |
| Other physical details | ill., port., |
| Dimensions | 20 cm. |
| 650 ## - SUBJECT ADDED ENTRY--TOPICAL TERM | |
| Topical term or geographic name entry element | Memphis Union Mission |
| 9 (RLIN) | 11840 |
| 942 ## - ADDED ENTRY ELEMENTS (KOHA) | |
| Source of classification or shelving scheme | Dewey Decimal Classification |
| Koha item type | Books |
| Withdrawn status | Lost status | Source of classification or shelving scheme | Damaged status | Not for loan | Home library | Current Library | Shelving location | Date acquired | Total checkouts | Full call number | Barcode | Date last seen | Copy number | Price effective from | Koha item type |
|---|---|---|---|---|---|---|---|---|---|---|---|---|---|---|---|
| Dewey Decimal Classification | GRACE BIBLE COLLEGE | GRACE BIBLE COLLEGE | Ministry & Mission | 2018-05-21 | 266 LAR | 008417 | 2025-05-01 | c.1 | 2018-05-21 | Books |